000 00603nam a2200229Ia 4500
003 OSt
005 20220924144801.0
006 a|||||r|||| 00| 0
007 ta
008 220923b |||||||| |||| 00| 0 per d
024 _a321719
037 _cTextual
040 _aARTS
_cARTS
_bper
041 _2per
_aper
082 _aO164,1J46x, L9
100 _aNafeesi Ustad Sayeed Au.
_9218436
245 0 _aDeewan-e-Kamil Shaikh Bahai
260 _c1979
650 _aPERSIAN POETRY
942 _hO164,1J46x, L9
_cTEXL
_2CC
999 _c458299
_d458299